[Event "Budapest FS10 IM"]
[Site "Budapest"]
[Date "2024.10.12"]
[Round "9"]
[White "To, Nhat Minh"]
[Black "Mifsud, Timothy"]
[Result "1-0"]
[WhiteElo "2318"]
[BlackElo "2160"]
[PlyCount "53"]
[EventDate "2024.10.05"]
[EventType "swiss"]
[EventRounds "9"]
[EventCountry "HUN"]
[SourceTitle "CB45_2024"]
[Source "ChessBase"]
[SourceDate "2024.11.06"]
[SourceVersion "1"]
[SourceVersionDate "2024.11.06"]
[SourceQuality "1"]

1. e4 c5 2. Nf3 Nc6 3. Bb5 Nf6 4. Nc3 Nd4 5. e5 Nxb5 6. Nxb5 Nd5 7. 0-0 a6 8. c4 Nb4 9. Nc3 d6 10. exd6 Qxd6 11. d4 cxd4 12. Ne4 Qc6 13. a3 Qxe4 14. axb4 d3 15. Re1 Qxc4 16. Ne5 Qxb4 17. Bd2 Qh4 18. Ra4 Qf6 19. Rf4 Qb6 20. Nxf7 Rg8 21. Qh5 g6 22. Qd5 e6 23. Ba5 Be7 24. Bxb6 exd5 25. Bc5 b6 26. Rxe7+ Kf8 27. Ng5+ 1-0

[Event "Budapest FS10 IM"]
[Site "Budapest"]
[Date "2024.10.10"]
[Round "7"]
[White "Priansh, Das"]
[Black "Mifsud, Timothy"]
[Result "1-0"]
[WhiteElo "2317"]
[BlackElo "2160"]
[PlyCount "119"]
[EventDate "2024.10.05"]
[EventType "swiss"]
[EventRounds "9"]
[EventCountry "HUN"]
[SourceTitle "CB45_2024"]
[Source "ChessBase"]
[SourceDate "2024.11.06"]
[SourceVersion "1"]
[SourceVersionDate "2024.11.06"]
[SourceQuality "1"]

1. e4 c5 2. Nf3 Nc6 3. d4 cxd4 4. Nxd4 Nf6 5. Nc3 e5 6. Ndb5 d6 7. Bg5 a6 8. Na3 b5 9. Nd5 Be7 10. Bxf6 Bxf6 11. c3 Rb8 12. Nc2 Bg5 13. Be2 0-0 14. Bg4 Be6 15. 0-0 Qd7 16. Bf3 Ne7 17. Nde3 Bxe3 18. Nxe3 b4 19. c4 Nc6 20. b3 Nd4 21. Nc2 Nxf3+ 22. Qxf3 f5 23. exf5 Rxf5 24. Qe2 a5 25. Ne3 Rf4 26. Rad1 Qc7 27. Rd2 a4 28. Rfd1 Rd8 29. Rd3 Qc5 30. Qd2 Rd4 31. Rxd4 exd4 32. Qxd4 Qxd4 33. Rxd4 axb3 34. axb3 Kf7 35. f4 Ke7 36. Nc2 Rb8 37. Rd1 Rb6 38. Kf2 Ra6 39. Kf3 h5 40. h3 h4 41. Rd3 Rb6 42. Nd4 Bc8 43. Rd2 Kf6 44. Nc2 g6 45. Ne3 Ra6 46. Nd5+ Kf7 47. Rd3 Bb7 48. Kg4 Bxd5 49. Rxd5 Ra3 50. Rxd6 Rxb3 51. Kxh4 Rc3 52. Rc6 b3 53. Kg4 b2 54. Rb6 Rc2 55. g3 Ke7 56. Kg5 Rc3 57. g4 Kf7 58. Rxb2 Rxc4 59. Rb7+ Kf8 60. Rb6 1-0

[Event "Budapest FS10 IM"]
[Site "Budapest"]
[Date "2024.10.05"]
[Round "1"]
[White "Mifsud, Timothy"]
[Black "Nissinen, Niilo Man"]
[Result "0-1"]
[WhiteElo "2160"]
[BlackElo "2204"]
[PlyCount "134"]
[EventDate "2024.10.05"]
[EventType "swiss"]
[EventRounds "9"]
[EventCountry "HUN"]
[SourceTitle "CB45_2024"]
[Source "ChessBase"]
[SourceDate "2024.11.06"]
[SourceVersion "1"]
[SourceVersionDate "2024.11.06"]
[SourceQuality "1"]

1. e4 c5 2. c3 Nf6 3. e5 Nd5 4. Nf3 Nc6 5. d4 cxd4 6. Bc4 Nb6 7. Bb3 d6 8. exd6 Qxd6 9. 0-0 e6 10. cxd4 Be7 11. Nc3 0-0 12. a3 Nd5 13. Re1 b6 14. Qd3 Nf6 15. Bg5 Bb7 16. Rad1 h6 17. Bh4 Nh5 18. Bc2 g6 19. Bg3 Nxg3 20. hxg3 Rfd8 21. Re4 Bf6 22. Rg4 Qe7 23. d5 exd5 24. Re1 Qd7 25. Rf4 Bg7 26. Bb3 Na5 27. Bxd5 Bxd5 28. Nxd5 Qb7 29. Rd1 Bxb2 30. Rh4 Bg7 31. Re4 Nc6 32. Qb3 Re8 33. Rf4 Re6 34. Nh2 Ne5 35. Nf1 Nd7 36. Rc4 Rc8 37. Nf4 Rec6 38. Rxc6 Rxc6 39. Qd5 Nc5 40. Ne3 Qc7 41. Qf3 Rd6 42. Nfd5 Qd8 43. Qf4 Rd7 44. Qc4 Qe8 45. Qb4 Qe6 46. Kh2 Kh7 47. Nf4 Qe7 48. Ned5 Qe5 49. Qc4 Rd6 50. f3 Qb2 51. Re1 Rd7 52. Re8 Qb3 53. Qxb3 Nxb3 54. Ne7 Nc5 55. Nfd5 Rd6 56. Ra8 a6 57. Nc7 Rd7 58. Ncd5 Rd6 59. a4 a5 60. Rb8 Nxa4 61. f4 Nc3 62. Nxb6 a4 63. Nec8 Rd1 64. Ra8 Ra1 65. Nd6 a3 66. Nbc4 a2 67. Ne5 Rd1 0-1

[Event "Budapest FS03 IM"]
[Site "Budapest"]
[Date "2023.03.05"]
[Round "2"]
[White "Mifsud, Timothy"]
[Black "Karamsetty, Jeevan"]
[Result "1-0"]
[WhiteElo "2198"]
[BlackElo "2206"]
[PlyCount "87"]
[EventDate "2023.03.04"]
[EventType "tourn"]
[EventRounds "9"]
[EventCountry "HUN"]
[EventCategory "1"]
[SourceTitle "CBM 213 Extra"]
[Source "ChessBase"]
[SourceDate "2023.05.31"]
[SourceVersion "1"]
[SourceVersionDate "2023.05.31"]
[SourceQuality "1"]

1. e4 g6 2. d4 Bg7 3. Nc3 d6 4. f4 a6 5. Nf3 b5 6. Bd3 Nd7 7. a4 b4 8. Ne2 Bb7 9. 0-0 c5 10. c3 bxc3 11. bxc3 e6 12. f5 exf5 13. Ng5 Rb8 14. exf5 Ndf6 15. Bf4 cxd4 16. Nxd4 Nd5 17. Nxf7 Bxd4+ 18. cxd4 Kxf7 19. fxg6+ hxg6 20. Bxg6+ Kxg6 21. Qg4+ Kf7 22. Bh6+ Ndf6 23. Qg7+ Ke6 24. Rae1+ Be4 25. d5+ Kxd5 26. Rd1+ Ke6 27. Qxh8 Qb6+ 28. Kh1 Ng4 29. Bf4 N8f6 30. Qh4 Bxg2+ 31. Kxg2 Qc6+ 32. Kh3 Rb3+ 33. Bg3 d5 34. Rde1+ Kd7 35. Rf4 Qc3 36. Ref1 Rb2 37. Rxg4 Nxg4 38. Qxg4+ Ke7 39. Re1+ Kf8 40. Qf5+ Kg8 41. Re8+ Kg7 42. Re7+ Kg8 43. Qf7+ Kh8 44. Qh7# 1-0

[Event "Budapest FS06 IM"]
[Site "Budapest"]
[Date "2022.06.13"]
[Round "8"]
[White "Fogarasi, Tibor"]
[Black "Mifsud, Timothy"]
[Result "1/2-1/2"]
[WhiteElo "2320"]
[BlackElo "2208"]
[PlyCount "61"]
[EventDate "2022.06.04"]
[EventType "tourn"]
[EventRounds "9"]
[EventCountry "HUN"]
[SourceTitle "CBM 208 Extra"]
[Source "ChessBase"]
[SourceDate "2022.07.31"]
[SourceVersion "1"]
[SourceVersionDate "2022.07.31"]
[SourceQuality "1"]

1. e4 c5 2. Nf3 Nc6 3. Nc3 Nf6 4. Bb5 Qc7 5. d3 Nd4 6. Bc4 e6 7. Be3 Nxf3+ 8. Qxf3 a6 9. a4 Bd6 10. a5 Be5 11. h3 d5 12. exd5 Bxc3+ 13. bxc3 exd5 14. Bb3 0-0 15. 0-0 Be6 16. Bf4 Qd8 17. Be5 c4 18. dxc4 dxc4 19. Rfd1 Bd5 20. Bxf6 Bxf3 21. Rxd8 Rfxd8 22. Bxd8 cxb3 23. Bb6 Bd5 24. cxb3 Bxb3 25. Re1 Be6 26. f4 Re8 27. Kf2 Bd7 28. Rxe8+ Bxe8 29. g4 Bd7 30. Kg3 f5 31. g5 1/2-1/2

[Event "Budapest FS06 IM"]
[Site "Budapest"]
[Date "2022.06.08"]
[Round "5"]
[White "Mifsud, Timothy"]
[Black "Ivanov, Mikhail M"]
[Result "0-1"]
[WhiteElo "2208"]
[BlackElo "2328"]
[PlyCount "104"]
[EventDate "2022.06.04"]
[EventType "tourn"]
[EventRounds "9"]
[EventCountry "HUN"]
[SourceTitle "CBM 208 Extra"]
[Source "ChessBase"]
[SourceDate "2022.07.31"]
[SourceVersion "1"]
[SourceVersionDate "2022.07.31"]
[SourceQuality "1"]

1. e4 c5 2. c3 Nf6 3. e5 Nd5 4. Nf3 d6 5. Bc4 e6 6. d4 Nc6 7. 0-0 cxd4 8. cxd4 dxe5 9. dxe5 Nb6 10. Qxd8+ Nxd8 11. Bb5+ Bd7 12. Nc3 a6 13. Bxd7+ Nxd7 14. Bf4 Nc6 15. Rfd1 h6 16. h4 0-0-0 17. Ne4 Be7 18. Rac1 Kb8 19. Nd6 Bxd6 20. Rxd6 Nb6 21. Rxd8+ Rxd8 22. Be3 Nd7 23. Rd1 Kc8 24. Rc1 Kb8 25. Rd1 Kc7 26. Rc1 Rc8 27. Rc4 Rg8 28. h5 Kd8 29. Bf4 Nb6 30. Re4 Nd5 31. Bd2 Ke7 32. Rg4 Kf8 33. Rc4 Ke8 34. Nd4 Nb6 35. Rc1 Nxd4 36. Rc7 f6 37. Rxb7 Nd7 38. Ra7 fxe5 39. Rxa6 Ke7 40. Ra7 Rb8 41. b3 e4 42. Ra4 e5 43. Ra6 Nc5 44. Ra7+ Kf6 45. b4 Nd3 46. Ra6+ Kf7 47. Ra7+ Kg8 48. a3 Rc8 49. a4 Rc2 50. b5 Rxd2 51. b6 Rb2 52. a5 Nc6 0-1

[Event "Budapest FS06 IM"]
[Site "Budapest"]
[Date "2022.06.04"]
[Round "1"]
[White "Mifsud, Timothy"]
[Black "Bodi, Tibor"]
[Result "1-0"]
[WhiteElo "2208"]
[BlackElo "2333"]
[PlyCount "79"]
[EventDate "2022.06.04"]
[EventType "tourn"]
[EventRounds "9"]
[EventCountry "HUN"]
[SourceTitle "CBM 208 Extra"]
[Source "ChessBase"]
[SourceDate "2022.07.31"]
[SourceVersion "1"]
[SourceVersionDate "2022.07.31"]
[SourceQuality "1"]

1. e4 Nf6 2. Nc3 d5 3. exd5 Nxd5 4. Nf3 Nc6 5. Bc4 Nb6 6. Bb3 Bf5 7. 0-0 e6 8. d4 Be7 9. h3 0-0 10. Be3 Bf6 11. Qe2 Re8 12. Rad1 Nd5 13. Nxd5 exd5 14. Qb5 Be4 15. Nh2 a6 16. Qe2 Ne7 17. g4 h6 18. Rfe1 Bh7 19. c4 Nc6 20. Qd2 a5 21. Ba4 Re6 22. cxd5 Qxd5 23. Bb3 Qb5 24. Bxe6 fxe6 25. Rc1 Rd8 26. Rc5 Qa6 27. d5 Nb4 28. g5 hxg5 29. Bxg5 Qd6 30. Bxf6 gxf6 31. Rc3 Nxd5 32. Rg3+ Kh8 33. Qh6 Rd7 34. Nf3 Rf7 35. Nh4 Ne7 36. Kh1 Qd5+ 37. Kh2 Qxa2 38. Reg1 Qd5 39. Rg8+ Nxg8 40. Ng6# 1-0

[Event "Gibraltar Masters 16th"]
[Site "Caleta"]
[Date "2018.01.26"]
[Round "4"]
[White "Mifsud, Timothy"]
[Black "Hewson, Brian Wr"]
[Result "0-1"]
[WhiteElo "2250"]
[BlackElo "2024"]
[PlyCount "49"]
[EventDate "2018.01.23"]
[EventType "swiss"]
[EventRounds "10"]
[EventCountry "GGB"]
[SourceTitle "CBM 183"]
[Source "ChessBase"]
[SourceDate "2018.03.14"]
[SourceVersion "1"]
[SourceVersionDate "2018.03.14"]
[SourceQuality "1"]

1. e4 c6 2. d4 d5 3. exd5 cxd5 4. Bd3 Nc6 5. c3 Qc7 6. Ne2 Bg4 7. f3 Bd7 8. 0-0 e5 9. dxe5 Nxe5 10. Bf4 Bd6 11. Nd4 Ne7 12. Bg3 0-0 13. Bc2 Nc4 14. Qd3 g6 15. Bxd6 Qxd6 16. b3 Ne5 17. Qe3 Rfe8 18. f4 Ng4 19. Qf3 Nc6 20. h3 Nxd4 21. cxd4 Ne3 22. Rf2 Nxc2 23. Rxc2 Re1+ 24. Kh2 Bf5 25. Rb2 0-1

[Event "Olympiad-32"]
[Site "Yerevan"]
[Date "1996.09.28"]
[Round "12.1"]
[White "Mifsud, Timothy"]
[Black "Faulks, Nick"]
[Result "0-1"]
[WhiteElo "2230"]
[BlackElo "2040"]
[PlyCount "84"]
[EventDate "1996.09.15"]
[EventType "team-swiss"]
[EventRounds "14"]
[EventCountry "ARM"]
[SourceTitle "CBM 055"]
[Source "ChessBase"]
[SourceDate "1996.12.01"]
[SourceVersion "1"]
[SourceVersionDate "1996.12.01"]
[SourceQuality "1"]
[WhiteTeam "Malta"]
[BlackTeam "Bermuda"]
[WhiteTeamCountry "MLT"]
[BlackTeamCountry "BER"]

1. e4 c5 2. Nf3 d6 3. Bb5+ Nd7 4. d4 Ngf6 5. Nc3 a6 6. Bxd7+ Nxd7 7. 0-0 cxd4 8. Qxd4 e6 9. Be3 Qc7 10. a4 Ne5 11. Nxe5 dxe5 12. Qb6 Qxb6 13. Bxb6 Bd7 14. Bc7 f6 15. Rfd1 Bc5 16. Bd6 Bxd6 17. Rxd6 Ke7 18. Rad1 Rhd8 19. Kf1 Bc6 20. Rxd8 Rxd8 21. Rxd8 Kxd8 22. Ke2 f5 23. b3 g5 24. Kd3 Ke7 25. f3 h5 26. Kc4 Kd6 27. b4 g4 28. b5 Be8 29. Kb4 f4 30. h4 gxh3 31. gxh3 h4 32. Nb1 a5+ 33. Kxa5 Kc5 34. Nd2 Bh5 35. Nb3+ Kc4 36. Kb6 Kc3 37. a5 Bxf3 38. Kxb7 Bxe4+ 39. Ka7 f3 40. Nc5 Bd5 41. Nd3 e4 42. Nf4 f2 0-1

[Event "Olympiad-32"]
[Site "Yerevan"]
[Date "1996.09.21"]
[Round "6.1"]
[White "Ho, Cheng Fai"]
[Black "Mifsud, Timothy"]
[Result "0-1"]
[WhiteElo "2010"]
[BlackElo "2230"]
[PlyCount "95"]
[EventDate "1996.09.15"]
[EventType "team-swiss"]
[EventRounds "14"]
[EventCountry "ARM"]
[SourceTitle "CBM 055"]
[Source "ChessBase"]
[SourceDate "1996.12.01"]
[SourceVersion "1"]
[SourceVersionDate "1996.12.01"]
[SourceQuality "1"]
[WhiteTeam "Macau"]
[BlackTeam "Malta"]
[WhiteTeamCountry "MAC"]
[BlackTeamCountry "MLT"]

1. d4 d5 2. c4 e6 3. Nc3 c6 4. cxd5 exd5 5. Nf3 Nf6 6. Bg5 Bf5 7. Qb3 Nbd7 8. e3 Qb6 9. Qxb6 axb6 10. Rc1 Ne4 11. a3 Nxg5 12. Nxg5 Bd6 13. Be2 h6 14. Nf3 0-0 15. 0-0 b5 16. Nd2 Rfe8 17. Rfe1 Nb6 18. Bf1 Kf8 19. g3 Na4 20. Nxa4 Rxa4 21. Nb1 b4 22. b3 Ra5 23. a4 Bd7 24. Bd3 f5 25. Nd2 Kf7 26. h4 Kf6 27. f4 c5 28. Nf3 Rc8 29. Ne5 Be6 30. Bb5 Rc7 31. Kf1 Ra8 32. Ke2 Rac8 33. Kd2 c4 34. Red1 cxb3 35. Rxc7 Rxc7 36. Rc1 b2 37. Rb1 b3 38. Rxb2 Bb4+ 39. Kd1 Rc3 40. Nd3 Ba3 41. Rb1 Bf7 42. Nc5 Bh5+ 43. Ke1 b2 44. Nd3 Rc1+ 45. Nxc1 bxc1Q+ 46. Rxc1 Bxc1 47. Kf2 Bd2 48. Bd7 0-1

[Event "MLT-ch"]
[Site "Malta"]
[Date "1996.??.??"]
[Round "4"]
[White "Mifsud, Timothy"]
[Black "Camilleri, Henry"]
[Result "1-0"]
[WhiteElo "2230"]
[BlackElo "2220"]
[PlyCount "91"]
[EventDate "1996.??.??"]
[EventType "tourn"]
[EventRounds "13"]
[EventCountry "MLT"]
[SourceTitle "EXT 1998"]
[Source "ChessBase"]
[SourceDate "1997.11.17"]
[SourceVersion "1"]
[SourceVersionDate "1997.11.17"]
[SourceQuality "1"]

1. e4 e5 2. Nf3 d6 3. d4 exd4 4. Qxd4 Nc6 5. Bb5 Bd7 6. Bxc6 Bxc6 7. 0-0 Nf6 8. Nc3 Be7 9. Bg5 0-0 10. Rac1 Nxe4 11. Nxe4 Bxe4 12. Qxe4 Bxg5 13. Qxb7 Bf6 14. b3 Rb8 15. Qd5 Qd7 16. Nd4 Bxd4 17. Qxd4 Qc6 18. c4 a5 19. Rfe1 Rfe8 20. Qc3 a4 21. b4 h6 22. h3 Rxe1+ 23. Rxe1 Re8 24. Rxe8+ Qxe8 25. Qe3 Qxe3 26. fxe3 f5 27. Kf2 Kf7 28. e4 f4 29. Kf3 g5 30. Kg4 Kg6 31. a3 h5+ 32. Kf3 h4 33. Kg4 Kf6 34. Kh5 Ke5 35. Kxg5 Kxe4 36. Kxh4 Kd4 37. Kg4 Kxc4 38. Kf3 Kc3 39. h4 d5 40. h5 d4 41. h6 d3 42. h7 d2 43. h8Q+ Kc2 44. Qh7+ Kc1 45. Qxc7+ Kb2 46. Qd6 1-0

[Event "Pardubice KB op"]
[Site "Pardubice"]
[Date "1996.??.??"]
[Round "5"]
[White "Mifsud, Timothy"]
[Black "Zvara, Petr"]
[Result "0-1"]
[WhiteElo "2230"]
[BlackElo "2355"]
[PlyCount "54"]
[EventDate "1996.07.??"]
[EventType "swiss"]
[EventRounds "9"]
[EventCountry "CZE"]
[SourceTitle "CBM 055 Extra"]
[Source "ChessBase"]
[SourceDate "1997.01.01"]
[SourceVersion "1"]
[SourceVersionDate "1997.01.01"]
[SourceQuality "1"]

1. e4 d5 2. exd5 Qxd5 3. Nc3 Qa5 4. d4 Nf6 5. Bc4 c6 6. Bb3 Bf5 7. Nge2 Nbd7 8. 0-0 e6 9. Bf4 Be7 10. Ng3 Bg6 11. Re1 0-0 12. Qe2 Rfe8 13. Nce4 Nxe4 14. Nxe4 Qf5 15. Qd2 Nf6 16. Nc5 Bxc5 17. Re5 Qg4 18. f3 Bxd4+ 19. Qxd4 Qh4 20. g3 Qh3 21. Bc4 Bf5 22. Bf1 Qh5 23. g4 Nxg4 24. fxg4 Qxg4+ 25. Kh1 f6 26. Be2 fxe5 27. Qxe5 Qg6 0-1

[Event "Pardubice KB op"]
[Site "Pardubice"]
[Date "1996.??.??"]
[Round "4"]
[White "Nun, Jiri"]
[Black "Mifsud, Timothy"]
[Result "1-0"]
[WhiteElo "2390"]
[BlackElo "2230"]
[PlyCount "37"]
[EventDate "1996.07.??"]
[EventType "swiss"]
[EventRounds "9"]
[EventCountry "CZE"]
[SourceTitle "CBM 055 Extra"]
[Source "ChessBase"]
[SourceDate "1997.01.01"]
[SourceVersion "1"]
[SourceVersionDate "1997.01.01"]
[SourceQuality "1"]

1. e4 c5 2. Nf3 Nc6 3. c3 Nf6 4. e5 Nd5 5. d4 cxd4 6. Bc4 Nb6 7. Bb3 g6 8. Ng5 d5 9. exd6 e6 10. Qf3 Ne5 11. Qh3 Bxd6 12. 0-0 Be7 13. cxd4 Nc6 14. Nf3 0-0 15. Rd1 e5 16. Qh6 Nxd4 17. Ng5 Bxg5 18. Bxg5 Nf5 19. Rxd8 1-0